| 000 | 00363 a2200133 4500 | ||
|---|---|---|---|
| 245 |
_aMister Johnson _hprint |
||
| 020 | _a0811210308 (alk. pap | ||
| 700 | _aCary, Joyce | ||
| 005 | 20191017172601.0 | ||
| 260 |
_anyu _bNew Directions _c1989, c1939 |
||
| 084 | _aPR6005.A77 M5 1989 | ||
| 300 |
_a227 p. _b 21 cm. _c227 p. ; 21 cm. |
||
| 500 | _aJoyce Cary. | ||
| 490 | _aA Revived modern classic | ||
| 999 |
_c9088 _d9088 |
||